[Event "ESP-ch U18"]
[Site "Salobrena"]
[Date "2023.07.31"]
[Round "1"]
[White "Portero Bravo, Aitana"]
[Black "Villa Tornero, Alex"]
[Result "0-1"]
[WhiteElo "1682"]
[BlackElo "2103"]
[PlyCount "80"]
[EventDate "2023.07.31"]
[EventType "swiss"]
[EventRounds "9"]
[EventCountry "ESP"]
[SourceTitle "CBM 215 Extra"]
[Source "ChessBase"]
[SourceDate "2023.09.30"]
[SourceVersion "1"]
[SourceVersionDate "2023.09.30"]
[SourceQuality "1"]

1. e4 Nf6 2. e5 Nd5 3. d4 d6 4. c4 Nb6 5. exd6 cxd6 6. Nc3 g6 7. Be3 Bg7 8. Rc1 0-0 9. b3 e5 10. dxe5 dxe5 11. Qxd8 Rxd8 12. c5 N6d7 13. Nf3 Nc6 14. Bc4 h6 15. Ne4 Nf8 16. Nd6 Be6 17. Nxb7 Rd7 18. Nd6 f5 19. 0-0 Bxc4 20. Rxc4 Ne6 21. h4 e4 22. Nh2 Ne5 23. Rc2 Rf8 24. b4 Nd3 25. Bd2 Nd4 26. Rc4 Ne2+ 27. Kh1 Bd4 28. Be3 Bxe3 29. fxe3 a5 30. g4 Ng3+ 31. Kg2 Nxf1 32. Nxf1 axb4 33. Nb5 Rd5 34. Nd4 Rxc5 35. Rxc5 Nxc5 36. gxf5 gxf5 37. Nc6 Nd3 38. Ne7+ Kh7 39. Ng3 Ra8 40. Ne2 Rxa2 0-1

[Event "ESP-ch States U16"]
[Site "Isla"]
[Date "2022.06.26"]
[Round "6"]
[White "Garcia Almeida, Valeria"]
[Black "Portero Bravo, Aitana"]
[Result "1/2-1/2"]
[WhiteElo "1410"]
[BlackElo "1801"]
[PlyCount "178"]
[EventDate "2022.06.23"]
[EventType "swiss"]
[EventRounds "6"]
[EventCountry "ESP"]
[SourceTitle "EXT 2023"]
[Source "ChessBase"]
[SourceDate "2022.10.05"]
[SourceVersion "1"]
[SourceVersionDate "2022.10.05"]
[SourceQuality "1"]

1. Nf3 Nf6 2. g3 g6 3. Bg2 Bg7 4. 0-0 d6 5. d4 0-0 6. c4 Nbd7 7. Nc3 c5 8. dxc5 Nxc5 9. Be3 Nfd7 10. Qd2 Nb6 11. b3 a5 12. Rad1 Bd7 13. Bh6 Bc6 14. Bxg7 Kxg7 15. Nb5 h6 16. Nbd4 Bd7 17. Qb2 Kh7 18. Rfe1 Rc8 19. e4 Qc7 20. Nc2 Na6 21. Rd2 Nb8 22. Red1 Nc6 23. Nfd4 Rfd8 24. Nxc6 Bxc6 25. Nd4 Bd7 26. Qc3 a4 27. Qf3 Kg7 28. Qc3 Kh7 29. Qf3 Kg7 30. Qc3 e5 31. Nf3 Be6 32. Qb4 axb3 33. axb3 Na8 34. Rxd6 Rxd6 35. Qxd6 Qxd6 36. Rxd6 Kf6 37. Bh3 Nc7 38. Rb6 Rb8 39. Bxe6 Nxe6 40. c5 Rc8 41. b4 Rc7 42. Rd6 Re7 43. Nd2 Rc7 44. Nc4 b5 45. Na3 Rb7 46. Rb6 Rxb6 47. cxb6 Nd4 48. Nxb5 Nc6 49. b7 Ke7 50. Na7 Nb8 51. b5 Kd6 52. Nc6 Kc7 53. Kf1 f6 54. Ke2 Kxb7 55. Ne7 Kb6 56. Nxg6 Kxb5 57. Ne7 Nd7 58. Nf5 Nc5 59. Ke3 h5 60. Ng7 h4 61. gxh4 Nd7 62. Ne6 Kc6 63. f4 Kd6 64. f5 Ke7 65. Kd3 Nb6 66. Kc3 Na4+ 67. Kb3 Nb6 68. Kb4 Nc8 69. Kc5 Nd6 70. Kd5 Nf7 71. h5 Nh6 72. Nc5 Nf7 73. Nd3 Nh6 74. Nf2 Nf7 75. Ng4 Ng5 76. h4 Nh7 77. Nxe5 fxe5 78. Kxe5 Kf7 79. h6 Ke7 80. Kf4 Kf7 81. e5 Ke7 82. Ke4 Kf7 83. Kd5 Ke7 84. h5 Ng5 85. f6+ Kf7 86. Kc6 Ke6 87. Kc7 Kxe5 88. f7 Nxf7 89. h7 Kf6 1/2-1/2

[Event "ESP-ch States U16"]
[Site "Isla"]
[Date "2022.06.24"]
[Round "3"]
[White "Portero Bravo, Aitana"]
[Black "Larrakoetxea Gorostidi, Jugatx Jiashang"]
[Result "0-1"]
[WhiteElo "1801"]
[BlackElo "1484"]
[PlyCount "78"]
[EventDate "2022.06.23"]
[EventType "swiss"]
[EventRounds "6"]
[EventCountry "ESP"]
[SourceTitle "EXT 2023"]
[Source "ChessBase"]
[SourceDate "2022.10.05"]
[SourceVersion "1"]
[SourceVersionDate "2022.10.05"]
[SourceQuality "1"]

1. e4 c5 2. Nf3 d6 3. d4 cxd4 4. Nxd4 Nf6 5. Nc3 g6 6. Be3 Bg7 7. f3 0-0 8. Bc4 Nc6 9. Bb3 Bd7 10. Qd2 Rc8 11. h4 Ne5 12. h5 Nxh5 13. g4 Nxf3+ 14. Nxf3 Bxg4 15. Nd4 Kh8 16. Rg1 Nf6 17. Nde2 Qa5 18. Bd4 Bxe2 19. Qxe2 e5 20. Bxe5 Qxe5 21. 0-0-0 Nd7 22. Rd5 Qe7 23. Rgd1 Nc5 24. Qf3 Nxb3+ 25. axb3 Bxc3 26. bxc3 Rc6 27. Kb2 Kg7 28. Qe3 f5 29. e5 Rc5 30. Rxd6 Qxe5 31. Rd7+ Rf7 32. Rxf7+ Kxf7 33. Rd7+ Kf6 34. Qxe5+ Rxe5 35. Rxb7 Re7 36. Rb4 g5 37. c4 f4 38. Kc3 f3 39. Rb8 f2 0-1

[Event "ESP-chT Regional U16"]
[Site "Gijon"]
[Date "2021.06.20"]
[Round "6.4"]
[White "Galarza Arza, Ekain"]
[Black "Portero Bravo, Aitana"]
[Result "1-0"]
[WhiteElo "1468"]
[BlackElo "1704"]
[PlyCount "103"]
[EventDate "2021.06.17"]
[EventType "team-swiss"]
[EventRounds "6"]
[EventCountry "ESP"]
[SourceTitle "EXT 2022"]
[Source "ChessBase"]
[SourceDate "2021.10.06"]
[SourceVersion "1"]
[SourceVersionDate "2021.10.06"]
[SourceQuality "1"]
[WhiteTeam "Navarra U16"]
[BlackTeam "Andalucia U16"]
[WhiteTeamCountry "ESP"]
[BlackTeamCountry "ESP"]

1. d4 Nf6 2. Nf3 g6 3. Nc3 d5 4. Bf4 Bg7 5. e3 0-0 6. Be2 c5 7. Ne5 Nc6 8. Qd2 cxd4 9. exd4 Nd7 10. Nf3 Qa5 11. Bh6 Nf6 12. Bxg7 Kxg7 13. Ne5 Qb4 14. 0-0-0 Nxe5 15. dxe5 Ne4 16. Nxe4 Qxe4 17. Bf3 Qxe5 18. Rhe1 Qc7 19. Qxd5 Bf5 20. Qe5+ Qxe5 21. Rxe5 Rac8 22. Be4 Bxe4 23. Rxe4 Rc7 24. c3 e6 25. Kc2 Kf6 26. b3 Rfc8 27. c4 b5 28. Kc3 Kf5 29. Red4 bxc4 30. Rxc4 Rxc4+ 31. bxc4 Rc7 32. Kb4 a5+ 33. Kb5 Ke5 34. c5 Rb7+ 35. Kc6 Rb2 36. Kd7 Rxa2 37. c6 Rxf2 38. c7 Rc2 39. c8Q Rxc8 40. Kxc8 Ke4 41. Kd7 e5 42. Kd6 f6 43. Ke6 Kf4 44. Rf1+ Ke3 45. Kxf6 Ke2 46. Ra1 e4 47. Rxa5 e3 48. g4 Kf1 49. g5 e2 50. Re5 e1Q 51. Rxe1+ Kxe1 52. Kg7 1-0

[Event "ESP-ch U14"]
[Site "Salobrena"]
[Date "2020.08.07"]
[Round "7"]
[White "Portero Bravo, Aitana"]
[Black "Ribera Veganzones, Serni"]
[Result "1/2-1/2"]
[WhiteElo "1598"]
[BlackElo "1953"]
[PlyCount "117"]
[EventDate "2020.08.03"]
[EventType "swiss"]
[EventRounds "9"]
[EventCountry "ESP"]
[SourceTitle "EXT 2021"]
[Source "ChessBase"]
[SourceDate "2020.10.23"]
[SourceVersion "1"]
[SourceVersionDate "2020.10.23"]
[SourceQuality "1"]

1. e4 c5 2. Nf3 Nc6 3. d4 cxd4 4. Nxd4 Nf6 5. Nc3 e6 6. Be3 Bb4 7. Bd3 d5 8. Bb5 Bd7 9. Bxc6 bxc6 10. e5 Ne4 11. Nde2 Qa5 12. Bd2 Nxd2 13. Qxd2 c5 14. a3 d4 15. Qd1 Bxc3+ 16. bxc3 Bb5 17. 0-0 Bxe2 18. Qxe2 dxc3 19. Qe4 0-0 20. Rfd1 Rad8 21. Rd6 Rxd6 22. exd6 Rd8 23. Rd1 Qxa3 24. Qb7 Qa5 25. Qe7 g6 26. h3 Qb6 27. h4 h6 28. Rd3 Qb1+ 29. Kh2 Qb8 30. g3 Qc8 31. d7 Qc7 32. Qe8+ Kg7 33. Qe7 Kg8 34. h5 g5 35. Rd6 a5 36. Qe8+ Kg7 37. Rxe6 Rxd7 38. Rxh6 Rd8 39. Qc6 Qxc6 40. Rxc6 Rd2 41. Rxc5 Rxf2+ 42. Kh3 Rxc2 43. Rxg5+ Kf6 44. Rxa5 Rd2 45. Rc5 c2 46. g4 Re2 47. g5+ Kg7 48. Kg3 Rd2 49. Rc6 Re2 50. Kf3 Rd2 51. Ke3 Rg2 52. Rc5 c1Q+ 53. Rxc1 Rxg5 54. Rh1 Kh6 55. Kf4 Ra5 56. Rh2 f6 57. Rh1 Rxh5 58. Rxh5+ Kxh5 59. Kf5 1/2-1/2

[Event "Gibraltar U12 op"]
[Site "Caleta"]
[Date "2017.08.21"]
[Round "6"]
[White "Portero Bravo, Aitana"]
[Black "Valenzuela Fernandez, Alejandro"]
[Result "0-1"]
[WhiteElo "1446"]
[BlackElo "1584"]
[PlyCount "98"]
[EventDate "2017.08.18"]
[EventType "swiss"]
[EventRounds "6"]
[EventCountry "GGB"]
[SourceTitle "CBM 180 Extra"]
[Source "ChessBase"]
[SourceDate "2017.10.06"]
[SourceVersion "1"]
[SourceVersionDate "2017.10.06"]
[SourceQuality "1"]

1. e4 e5 2. Nf3 Nc6 3. Bb5 Nge7 4. 0-0 g6 5. Re1 Bg7 6. c3 0-0 7. d4 exd4 8. cxd4 d5 9. e5 Bf5 10. Nc3 a6 11. Bf1 Nb4 12. Re2 Nd3 13. Ne1 Nxc1 14. Qxc1 Nc6 15. Qe3 b5 16. Rd2 h5 17. Nf3 Re8 18. Qe1 Bh6 19. Rdd1 Bc2 20. Rdc1 Bxc1 21. Rxc1 Bf5 22. a3 Na5 23. Nxd5 Qxd5 24. Qxa5 c6 25. Qc3 Rac8 26. h3 Red8 27. Rd1 c5 28. Qd2 cxd4 29. Qxd4 Qxd4 30. Rxd4 Rxd4 31. Nxd4 Rc1 32. Nxf5 gxf5 33. f4 Rb1 34. b4 Ra1 35. Kf2 Rxa3 36. Be2 h4 37. Bd1 Ra4 38. g3 hxg3+ 39. Kxg3 Rxb4 40. Kf3 Kg7 41. h4 a5 42. Ke3 Re4+ 43. Kd3 Rxf4 44. h5 Re4 45. Kc3 Rxe5 46. Kd4 Re4+ 47. Kc5 Rb4 48. Be2 Kh6 49. Kb6 a4 0-1

[Event "Andalucia-chB"]
[Site "Roquetas de Mar"]
[Date "2017.05.20"]
[Round "4"]
[White "Portero Bravo, Aitana"]
[Black "Gonzalez Lopez, Francisco Jesus"]
[Result "1-0"]
[WhiteElo "1358"]
[BlackElo "1588"]
[PlyCount "38"]
[EventDate "2017.05.19"]
[EventType "swiss"]
[EventRounds "6"]
[EventCountry "ESP"]
[SourceTitle "EXT 2020"]
[Source "ChessBase"]
[SourceDate "2019.10.17"]
[SourceVersion "1"]
[SourceVersionDate "2019.10.17"]
[SourceQuality "1"]

1. e4 c5 2. Nf3 Nf6 3. Nc3 e6 4. d4 cxd4 5. Nxd4 d6 6. Be3 a6 7. f3 Nc6 8. Qd2 Bd7 9. g4 h6 10. h4 Be7 11. 0-0-0 Nh7 12. g5 h5 13. f4 g6 14. Bh3 Qc7 15. f5 e5 16. Nb3 0-0-0 17. Nd5 Qb8 18. Bb6 Rdf8 19. Bc7 Qa7 1-0

[Event "EU-ch U10 Girls 26th"]
[Site "Prague"]
[Date "2016.08.27"]
[Round "9"]
[White "Bashylina, Luisa"]
[Black "Portero Bravo, Aitana"]
[Result "1-0"]
[WhiteElo "1664"]
[BlackElo "1228"]
[PlyCount "109"]
[EventDate "2016.08.18"]
[EventType "swiss"]
[EventRounds "9"]
[EventCountry "CZE"]
[SourceTitle "CBM 174 Extra"]
[Source "ChessBase"]
[SourceDate "2016.10.10"]
[SourceVersion "1"]
[SourceVersionDate "2016.10.10"]
[SourceQuality "1"]

1. d4 d6 2. Nf3 Nf6 3. h3 Nbd7 4. Bf4 g6 5. e3 Bg7 6. c3 0-0 7. Be2 Re8 8. 0-0 e5 9. dxe5 dxe5 10. Nxe5 Nxe5 11. Qxd8 Rxd8 12. Bxe5 c6 13. Rd1 Be6 14. Nd2 Rd5 15. Bh2 Rad8 16. Nb3 Rxd1+ 17. Rxd1 Re8 18. Bf3 Bxb3 19. axb3 Rc8 20. Kf1 b6 21. Ra1 a5 22. Rd1 c5 23. Rd6 b5 24. Ra6 b4 25. Rxa5 bxc3 26. bxc3 Ne8 27. c4 Bc3 28. Ra7 Nf6 29. Bg3 h6 30. Bh2 Kg7 31. Bd6 h5 32. Rb7 Bb4 33. Rb5 Kh6 34. Bb7 Rd8 35. Bxc5 Rd1+ 36. Ke2 Rd2+ 37. Kf3 Bxc5 38. Rxc5 Nd7 39. Rd5 Rxd5 40. Bxd5 f5 41. b4 g5 42. c5 Kg6 43. c6 Nb6 44. c7 g4+ 45. Ke2 gxh3 46. gxh3 Kf6 47. Bb7 Ke5 48. c8Q Nxc8 49. Bxc8 Kd5 50. b5 Kc5 51. Bd7 h4 52. Kf3 Kb6 53. Kf4 Kc7 54. Bc6 Kb6 55. Kxf5 1-0

[Event "EU-ch U10 Girls 26th"]
[Site "Prague"]
[Date "2016.08.25"]
[Round "7"]
[White "Fizerova, Lucie"]
[Black "Portero Bravo, Aitana"]
[Result "0-1"]
[WhiteElo "1338"]
[BlackElo "1228"]
[PlyCount "154"]
[EventDate "2016.08.18"]
[EventType "swiss"]
[EventRounds "9"]
[EventCountry "CZE"]
[SourceTitle "CBM 174 Extra"]
[Source "ChessBase"]
[SourceDate "2016.10.10"]
[SourceVersion "1"]
[SourceVersionDate "2016.10.10"]
[SourceQuality "1"]

1. e4 d6 2. d4 Nf6 3. Nc3 e5 4. dxe5 dxe5 5. Qxd8+ Kxd8 6. Bg5 Be7 7. 0-0-0+ Nbd7 8. Nf3 Ke8 9. Nb5 Bd8 10. Bxf6 gxf6 11. Bc4 a6 12. Nc3 c6 13. Rd2 b5 14. Bb3 a5 15. a3 Nc5 16. Ba2 b4 17. Nb1 Nxe4 18. Re2 Nc5 19. Rd1 Be7 20. Rde1 Bg4 21. h3 Bxf3 22. gxf3 Rg8 23. Nd2 bxa3 24. bxa3 Na4 25. Re3 Bc5 26. Rd3 Bxf2 27. Re2 Rg1+ 28. Nf1 Rxf1+ 29. Kd2 Bd4 30. Rxd4 Nb6 31. Rd6 Nd7 32. Rxc6 Rxf3 33. Bd5 Rxh3 34. Rd6 Ra7 35. Be4 h5 36. Kc1 Rh4 37. Bc6 Ke7 38. Red2 Rd4 39. R2xd4 exd4 40. Rxd4 Rc7 41. Bd5 Ne5 42. c4 Rc5 43. Kd2 Kf8 44. Ke3 Kg7 45. Re4 Kg6 46. Kd4 Rc8 47. c5 Nc6+ 48. Kc4 f5 49. Re1 f6 50. Kb5 Ne5 51. Rc1 f4 52. c6 f3 53. c7 f2 54. Bg2 Kg5 55. Kb6 Nf7 56. Kxa5 Kg4 57. Bf1 h4 58. Ba6 Nd6 59. Bxc8+ Nxc8 60. Ka6 Kg3 61. Kb7 Nd6+ 62. Kb8 Kg2 63. Rd1 f1Q 64. Rxf1 Kxf1 65. a4 h3 66. a5 h2 67. a6 h1Q 68. c8Q Nxc8 69. a7 Nxa7 70. Kxa7 Qh7+ 71. Kb8 Qd7 72. Ka8 Ke2 73. Kb8 Kd3 74. Ka8 Kc4 75. Kb8 Kb5 76. Ka8 Kb6 77. Kb8 Qb7# 0-1

[Event "Benidorm New Generation U10 11th"]
[Site "Benidorm"]
[Date "2015.12.04"]
[Round "1.1"]
[White "Portero Bravo, Aitana"]
[Black "Creanga, Robert Ionut"]
[Result "0-1"]
[WhiteElo "1180"]
[BlackElo "1531"]
[PlyCount "88"]
[EventDate "2015.12.04"]
[EventType "swiss"]
[EventRounds "7"]
[EventCountry "ESP"]
[SourceTitle "EXT 2024"]
[Source "ChessBase"]
[SourceDate "2023.10.10"]
[SourceVersion "1"]
[SourceVersionDate "2023.10.10"]
[SourceQuality "1"]

1. e4 c5 2. Nf3 Nc6 3. d4 cxd4 4. Nxd4 g6 5. Nc3 Bg7 6. Be3 Nf6 7. Bc4 0-0 8. Bb3 d6 9. f3 Bd7 10. Qd2 Ne5 11. 0-0-0 a5 12. a4 Rc8 13. Bh6 Nc4 14. Qg5 Rc5 15. Qh4 Rh5 16. Qf2 Bxh6+ 17. Kb1 Rc5 18. h4 Be3 19. Qe2 Bxd4 20. Rxd4 Ne5 21. g4 Be6 22. Bxe6 fxe6 23. h5 g5 24. Qe3 h6 25. f4 Nexg4 26. Qg3 gxf4 27. Qxf4 e5 28. Qg3 exd4 29. Nd5 Kh7 30. Nxf6+ Rxf6 31. Qxg4 Rg5 32. Qe2 Qg8 33. Qd1 Qc4 34. b3 Qc3 35. Ka2 Rg2 36. Kb1 Rff2 37. Qd3 Qxc2+ 38. Qxc2 Rxc2 39. Rf1 Rb2+ 40. Kc1 Rgc2+ 41. Kd1 Rb1+ 42. Kxc2 Rxf1 43. Kd3 e5 44. Ke2 Rb1 0-1